Loading...
Literature - British Literature | 0 | 4 | 0 | 1 | 40 | 118 | 131.25 | 1 | 4 |
Science - Chemistry | 0 | 3 | 0 | 0 | 30 | 107 | 119.00 | 0 | 3 |
Mythology | 0 | 3 | 0 | 0 | 30 | 76 | 111.67 | 2 | 3 |
History - American History | 0 | 2 | 0 | 0 | 20 | 119 | 122.50 | 1 | 2 |
Fine Arts - Other Fine Arts | 0 | 2 | 0 | 0 | 20 | 34 | 68.50 | 1 | 2 |
History - Other History | 0 | 2 | 0 | 2 | 20 | 136 | 139.50 | 0 | 2 |
Religion | 0 | 2 | 0 | 0 | 20 | 99 | 110.00 | 1 | 2 |
Fine Arts - Classical Music | 0 | 1 | 0 | 1 | 10 | 121 | 121.00 | 0 | 1 |
Literature - American Literature | 0 | 1 | 0 | 0 | 10 | 122 | 122.00 | 0 | 1 |
Literature - European Literature | 0 | 1 | 0 | 0 | 10 | 120 | 120.00 | 0 | 1 |
Other | 0 | 1 | 0 | 0 | 10 | 80 | 80.00 | 0 | 1 |
Science - Other Science | 0 | 1 | 0 | 1 | 10 | 142 | 142.00 | 0 | 1 |
Science - Physics | 0 | 1 | 0 | 1 | 10 | 129 | 129.00 | 0 | 1 |
Social Science | 0 | 0 | 0 | 0 | 0 | 0.00 | 0 | 0 |